000 00830nas a2200265 4500
001 BR0906101
003 BR-BrBNA
005 20231205113501.0
007 ta
008 230509b bl.|||p| |||| 00| 00por d
040 _aBR-BrBNA
_bpor
_cBiblioteca Nacional de Agricultura
041 _a(Pt)
072 _aP06
100 1 _aCabral, C.V.T.
100 1 _aOliveira Filho, D.
100 1 _aMachado Neto, L. de V.B.
100 1 _aDiniz, A.S.A.C.
245 1 _aGerador fotovoltaico: modelagem e simulação
650 _aGERADOR DE ENERGIA
650 _aMODELO DE SIMULAÇÃO
773 0 _tEngenharia na Agricultura (Brazil)
_xISSN 1414-3984
_g(Jul-Aug 2009), v. 17(4) p. 262-268
_wBR0906101
856 4 0 _uhttp://www.aprh.pt/rgci/pdf/rgci-155_Borges.pdf
909 _a202311
_bLúcia
_c55
_dLúcia Elande
942 _2AGRIS
_n0
_cANA
999 _c204022
_d204022